Rachel Weisz Filmography - Statistics

General Stats
  • This quiz has been taken 78 times
    9 since last reset
  • The average score is 21 of 83
Answer Stats
Type Year Name % Correct
Film 2021 Black Widow
71%
Film 2013 Oz the Great and Powerful
57%
Film 2018 The Favourite
57%
Film 1996 Chain Reaction
43%
Film 2005 Constantine
43%
Film 2008 Definitely, Maybe
43%
Film 2003 Runaway Jury
43%
Film 2008 The Brothers Bloom
43%
Film 2005 The Constant Gardener
43%
Film 2006 The Fountain
43%
Film 1999 The Mummy
43%
Film 2001 The Mummy Returns
43%
TV Show 2010 The Simpsons
43%
Web Series TBA Vladimir
43%
Web Series 2023 What If...?
43%
Film 2011 360
29%
Film 2002 About a Boy
29%
Film 2009 Agora
29%
Theater 2009 A Streetcar Named Desire
29%
Film 2000 Beautiful Creatures
29%
Film 1997 Bent
29%
Theater 2013-2014 Betrayal
29%
Film 2016 Complete Unknown
29%
Film 2003 Confidence
29%
Web Series 2023 Dead Ringers
29%
Film 1994 Death Machine
29%
Film 2016 Denial
29%
Theater 1994 Design for Living
29%
Film 2017 Disobedience
29%
Film 2011 Dream House
29%
Film 2001 Enemy at the Gates
29%
Film 2004 Envy
29%
Film 2006 Eragon
29%
Film 2007 Fred Claus
29%
TV Show 1993 Inspector Morse
29%
Film 1998 I Want You
29%
Film 2007 My Blueberry Nights
29%
Film 2017 My Cousin Rachel
29%
TV Film 1998 My Summer with Des
29%
TV Film 2011 Page Eight
29%
Theater 2016 Plenty
29%
TV Show 1993 Scarlet and Black
29%
TV Show 1994 Screen Two
29%
TV Short 1994 Seventeen
29%
Film 1996 Stealing Beauty
29%
Theater 1999 Suddenly Last Summer
29%
Film 1999 Sunshine
29%
Film 1997 Swept from the Sea
29%
TV Show 1992 The Advocates
29%
Film 2012 The Bourne Legacy
29%
Film 2011 The Deep Blue Sea
29%
Film 1998 The Land Girls
29%
Film 2016 The Light Between Oceans
29%
Film 2015 The Lobster
29%
Film 2009 The Lovely Bones
29%
Film 2017 The Mercy
29%
Theater 1999, 2001-2002 The Shape of Things
29%
Film 2003 The Shape of Things
29%
Film 2010 The Whistleblower
29%
Documentary 1999 This Is Not an Exit: The Fictional World of Bret Easton Ellis
29%
TV Show 1993 Tropical Heat
29%
Film 1999 Tube Tales
29%
TV Film 1994 White Goods
29%
Film 2015 Youth
29%
Short Film 2018 Let's Dance
14%
Film TBA Seance on a Wet Afternoon
14%
TV Show 2009 El hormiguero
0%
TV Special 2007 Live Earth
0%
Commercial 2010 L'Oréal Revitalift
0%
Theater 1992 Neville Southall's Washbag
0%
Short Documentary 2014 Portrait of Rachel Weisz
0%
Documentary 2015 Rabbi: The First Woman Rabbi
0%
Documentary 2013 Regina
0%
Commercial 2002 Revlon LipGlide
0%
Theater 1991-1992 Slight Possession
0%
Film 1997 Take a Number
0%
TV Show 1999 TFI Friday
0%
Theater 1991-1992 The Detour
0%
Documentary Series 2010 The South Bank Show
0%
Director 2010 The Thief
0%
Theater 1994 The Year of the Family
0%
Film 2025 Thunderbolts
0%
Documentary 2014 Whitney: United States of America v. James J. Bulger
0%
No matching quizzes found
Score Distribution
Percent of People with Each Score
Percentile by Number Answered
Your Score History
You have not taken this quiz since the last reset